Study of some Aspects of Real 5 Space in the Light of Vedic Knowledge. Content: 1 to 12. (Record no. 16755)
[ view plain ]
| 000 -LEADER | |
|---|---|
| fixed length control field | 00435nam a2200133Ia 4500 |
| 008 - FIXED-LENGTH DATA ELEMENTS--GENERAL INFORMATION | |
| fixed length control field | 190930s9999||||xx |||||||||||||| ||und|| |
| 082 ## - DEWEY DECIMAL CLASSIFICATION NUMBER | |
| Classification number | 242 |
| Item number | PAN/S |
| 100 ## - MAIN ENTRY--PERSONAL NAME | |
| Personal name | Panda, Bidyadhar |
| 245 #0 - TITLE STATEMENT | |
| Title | Study of some Aspects of Real 5 Space in the Light of Vedic Knowledge. Content: 1 to 12. |
| 250 ## - EDITION STATEMENT | |
| Edition statement | 1 |
| 260 ## - PUBLICATION, DISTRIBUTION, ETC. | |
| Place of publication, distribution, etc. | Meerut |
| Name of publisher, distributor, etc. | Under the Guidance of Dr. S. C. Jain, Deptt. Of Mathematics S. D. College |
| Date of publication, distribution, etc. | 1993 |
| 300 ## - PHYSICAL DESCRIPTION | |
| Extent | 400 |
| 942 ## - ADDED ENTRY ELEMENTS (KOHA) | |
| Koha item type | Book |
No items available.